| 000 | 00996nam a22003017a 4500 | ||
|---|---|---|---|
| 003 | CHAP | ||
| 005 | 20220329143730.0 | ||
| 008 | 110428s1996 ni a r 00010 eng d | ||
| 010 | _a101072 | ||
| 011 | _a102044 | ||
| 020 | _a0792339614 | ||
| 035 | _a112732 | ||
| 040 | _cCHAP | ||
| 082 | 0 | 4 |
_a616.9792 _bA25 |
| 245 | 0 | 0 |
_aAIDS : _bvirus or drug induced? _c/editado por Peter H. Duesberg |
| 260 |
_aDordrecht : _aBoston : _bKluwer Academic Publishers, _c1996 |
||
| 300 |
_a358 p. : _bilus., tablas |
||
| 490 | 0 |
_aContemporary issues in genetics and evolution ; _v5 |
|
| 590 |
_aBATCH-UPD _b10 _c20130110 _lUCH01 _h1117 |
||
| 590 |
_aCONVERSION _b10 _c20130109 _lUCH01 _h1356 |
||
| 650 | 1 | 4 |
_aEnfermedades por virus. _936940 |
| 650 | 1 | 4 |
_aSIDA (Enfermedad) _9105806 |
| 700 | 1 |
_aDuesberg, Peter H _934404 |
|
| 830 | 0 |
_aContemporary issues in genetics and evolution ; _v5 _927437 |
|
| 901 | _aBK | ||
| 942 | _cLIBRO | ||
| 949 |
_a616.9792 A25 _bBC _cLIBRO _d33724002254298 _eLIBRO _h114804 _i112732 _sb |
||
| 999 |
_c101072 _d101072 |
||